000 00646nam a22001817a 4500
003 OSt
005 20240905121521.0
008 240905b ||||| |||| 00| 0 eng d
040 _cAIMIT LIBRARY
100 _aMachado, Rachel.
_e2216150
_9178802
245 _aAnalysis of financial performance of selected co operative banks of india /
_cBy Rachel Machado ; Guided by Swapna Rose.
260 _aMangalore ;
_c2024.
650 _aLiterature review objcetives and questions
_9178803
650 _aData analysis and interpretation
_9178804
700 _aRose, Swapna.
_eGuide
_9178805
856 _3Sri Bhagavathi co op bank ltd
942 _2ddc
_cPRO
999 _c231754
_d231754